মৌন বসন্ত / (Record no. 49467)
[ view plain ]
| 000 -LEADER | |
|---|---|
| fixed length control field | 00918nam a2200229 a 4500 |
| 001 - CONTROL NUMBER | |
| control field | 49467 |
| 003 - CONTROL NUMBER IDENTIFIER | |
| rucl marc code | BD-RjUL |
| 005 - DATE AND TIME OF LATEST TRANSACTION | |
| control field | 20211209054702.0 |
| 008 - FIXED-LENGTH DATA ELEMENTS--GENERAL INFORMATION | |
| fixed length control field | 160821s1974 bg ||||| |||| 00| 0 ben d |
| 035 ## - SYSTEM CONTROL NUMBER | |
| System control number | (BD-RjUL)49586 |
| 040 ## - CATALOGING SOURCE | |
| Original cataloging agency | BD-RjUL |
| Language of cataloging | ben |
| Transcribing agency | BD-RjUL |
| 041 ## - LANGUAGE CODE | |
| Language code of text/sound track or separate title | ben |
| 082 ## - DEWEY DECIMAL CLASSIFICATION NUMBER | |
| Edition number | 23 |
| Classification number | 632.7 |
| Author mark and year | KAN 1964 |
| 100 ## - MAIN ENTRY--PERSONAL NAME | |
| Personal name | কাস্ন্, রেচাল |
| 9 (RLIN) | 148438 |
| 245 10 - TITLE STATEMENT | |
| Title | মৌন বসন্ত / |
| Statement of responsibility, etc. | রেচাল কাস্ন্, এ.ক.ম. ফজলুল কবির অনূদিত |
| 260 ## - PUBLICATION, DISTRIBUTION, ETC. (IMPRINT) | |
| Place of publication, distribution, etc. | ঢাকা : |
| Name of publisher, distributor, etc. | বাংলা একাডেমী, |
| Date of publication, distribution, etc. | ১৯৭৪ |
| 300 ## - PHYSICAL DESCRIPTION | |
| Pagination | [৪], ৩০৪ পৃ.; |
| Size | ২১ সেমি. |
| 650 ## - SUBJECT ADDED ENTRY--TOPICAL TERM | |
| Topical term or geographic name as entry element | কীটনাশক |
| Form subdivision | পরিবেশগত দিক. |
| 9 (RLIN) | 148439 |
| Topical term or geographic name as entry element | Pesticides |
| Form subdivision | Environmental aspects. |
| 9 (RLIN) | 148440 |
| 700 ## - ADDED ENTRY--PERSONAL NAME | |
| Personal name | কবির, এ.ক.ম. ফজলুল, অনূদিত |
| 942 ## - ADDED ENTRY ELEMENTS (KOHA) | |
| Source of classification or shelving scheme | Dewey Decimal Classification |
| Koha item type | Books |
| Lost status | Source of classification or shelving scheme | Damaged status | Not for loan | Collection code | Permanent Location | Current Location | Shelving location | Date acquired | Source of acquisition | Cost, normal purchase price | Total Checkouts | Full call number | Date last seen | Copy number | Koha item type |
|---|---|---|---|---|---|---|---|---|---|---|---|---|---|---|---|
| Dewey Decimal Classification | Non-fiction | Central Library, University of Rajshahi | Central Library, University of Rajshahi | 25/08/1978 | Bangla Academy | 12.00 | B 632.7 KAN 1964 | 21/08/2016 | C-2 | Books | |||||
| Dewey Decimal Classification | Not For Loan | Non-fiction | Central Library, University of Rajshahi | Central Library, University of Rajshahi | Reading Room | 25/08/1978 | Dhaka, Bangla Academy | 12.00 | B 632.7 KAN 1964 | 24/04/2017 | C-1 | Books |